000 00494nam a2200205Ia 4500
008 210210b2015 xxu||||| |||| 00| 0 eng d
020 _a9788192301273
041 _aeng
082 _a792K PRAK
100 _aPRAKASHA GARUDA
245 _aKampani nataka artharth vrattirangabhumi
260 _aHosapete
_bYaji Prakashana
_c2015
300 _a284
650 _avrattirangabhumi
650 _anataka
650 _aKampani
650 _aartharth
690 _aTheatre
906 _a071288
999 _c120634
_d120634